Normal view
MARC view
- Norris, Roy Charles
Entry Personal Name
001 - CONTROL NUMBER
- control field: 105300
003 - CONTROL NUMBER IDENTIFIER
- control field: NUST
005 - DATE AND TIME OF LATEST TRANSACTION
- control field: 20221220104321.0
008 - FIXED-LENGTH DATA ELEMENTS
- fixed length control field: 221220|| aca||aabn | a|a d
040 ## - CATALOGING SOURCE
- Original cataloging agency: NUST
- Transcribing agency: NUST
100 ## - HEADING--PERSONAL NAME
- Personal name: Norris, Roy Charles
670 ## - SOURCE DATA FOUND
- Source citation: Work cat.: (NUST)183128: Norris, Roy Charles,, Radio engineering :, 1942
